000 00410nam a2200181Ia 4500
001 15020
005 20260306164957.0
008 260306t2005||||xx |||||||||||||| ||spa||
041 _aESP
082 _a519.82
_bM63
100 _aMiranda, Miguel
_eAUT
245 0 _aTeoría de colas
260 _c2005
300 _a259 páginas :
_c28 cm.
650 _aGEN
654 _aCMA
942 _cLIB
_dJUS
_fJUS
_2ddc
_n
999 _c15020
_d15020